| 000 | 00931nam a22003017a 4500 | ||
|---|---|---|---|
| 005 | 20150622155900.0 | ||
| 008 | 150522b ck ||||| |||| 00| 0 spa d | ||
| 020 | _a9789588594682 | ||
| 040 |
_aCO-BoIAVH _cCO-BoIAVH |
||
| 041 | 0 | _aspa | |
| 044 | _ack | ||
| 082 | 0 | 4 |
_a333.95 _bT693r |
| 110 | 1 | _aUniversidad de los llanos | |
| 245 | 1 | 5 |
_aLibro resumen de las plantas útiles de la cuenca del río Orotoy/ _cUniversidad de los llanos |
| 250 | _a1a. Ed. | ||
| 260 | 3 |
_aBogotá: _bEdiprint, _c2011. |
|
| 300 |
_a128 p. _bil., col. _c24 cm. |
||
| 504 | _aBibliografia: p. 116-125 | ||
| 650 | 4 |
_aProtección de las riberas _zOrotoy |
|
| 650 | 4 |
_aBotánica _zOrotoy |
|
| 650 | 4 |
_aPlantas _zOrotoy |
|
| 700 | 1 | _aTorres, Marco | |
| 700 | 1 | _aTovar, Naisly | |
| 700 | 1 | _aDelgado, Sandra | |
| 700 | 1 | _aRincón, Sandra | |
| 710 | 1 | _aEcopetrol | |
| 942 |
_2ddc _cLIBRO |
||
| 999 |
_c17446 _d17446 |
||